000
00289nam a22001337a 4500
003
OSt
005
20250301105007.0
007
299 pages
008
250301b |||||||| |||| 00| 0 eng d
040
_c
245
_a
Veer Savarkar
_c
Mahurkar U
260
_b
Rupa
_c
2023
942
_2
ddc
_c
BK
_n
0
999
_c
36195
_d
36195